Sports Quiz

Random Sports or NHL Quiz
Score 0/13 Timer 03:00
0 Plays Today
Wins Player % Correct
35Tony Esposito
95.4%
27Gerry Cheevers
95.4%
24Jacques Plante
95.4%
16Bernie Parent
93.8%
23Rogie Vachon
87.7%
27Ed Giacomin
86.2%
30Eddie Johnston
69.2%
19Cesare Maniago
64.6%
19Gary Smith
63.1%
22Gilles Villemure
55.4%
16Doug Favell
52.3%
20Ernie Wakely
40%
18Denis DeJordy
36.9%
Remove Ads.
Support Sporcle.
Get the best of Sporcle when you Go Orange. This ad-free experience offers more features, more stats, and more fun while also helping to support Sporcle. Thank you for becoming a member.

You're not logged in!

Compare scores with friends on all Sporcle quizzes.
OR
Log In

Show Comments

Extras

Top Quizzes Today


Score Distribution

Your Account Isn't Verified!

In order to create a playlist on Sporcle, you need to verify the email address you used during registration. Go to your Sporcle Settings to finish the process.

Report this User

Report this user for behavior that violates our Community Guidelines.

Details: